| 000 | 00684nam a2200205 i 4500 | ||
|---|---|---|---|
| 001 | 81142 | ||
| 003 | ES-MaACL | ||
| 005 | 20250808012557.0 | ||
| 007 | t| | ||
| 008 | 041103s1949 sp ||||1| spa d | ||
| 100 | 1 |
_aHoyos Sáinz, Luis de, _d1868-1951 _964437 |
|
| 245 | 1 | 0 |
_aJosé Celestino _b: naturalista, médico y sacerdote / _cLuis de Hoyos Sáinz. |
| 260 |
_a[Madrid] : _bEd. Nacional, _c1949 ( _fUguina) |
||
| 300 |
_a259 p. ; _c17 cm. |
||
| 490 | 1 |
_aBreviarios de la vida española ; _v37 |
|
| 600 | 0 | 4 |
_aMutis, José Celestino. _984734 |
| 830 | 0 | 0 |
_aBreviarios de la vida española _v37 _9180821 |
| 852 |
_aES-MaACL _jB-2830 _bR.29523 |
||
| 999 |
_c81142 _d81142 |
||